Mẫu báo cáo đánh giá tác động môi trường : Trình tự thẩm định và xử lý vi phạm về môi trường
Trình bày quy định pháp luật và phương pháp lập, thẩm định báo cáo đánh giá tác động môi trường. Phương pháp, trình tự lập báo cáo đánh giá tác động môi trường, cấu trúc và mẫu nội dung bản cam kết bảo vệ môi trường,......
Wedi'i Gadw mewn:
| Prif Awdur: | |
|---|---|
| Fformat: | Llyfr |
| Iaith: | Undetermined |
| Cyhoeddwyd: |
Hà Nội
Khoa học Kỹ thuật
2011
|
| Pynciau: | |
| Tagiau: |
Ychwanegu Tag
Dim Tagiau, Byddwch y cyntaf i dagio'r cofnod hwn!
|
| Thư viện lưu trữ: | Trung tâm Học liệu Trường Đại học Cần Thơ |
|---|
| LEADER | 01170nam a2200229Ia 4500 | ||
|---|---|---|---|
| 001 | CTU_148801 | ||
| 008 | 210402s9999 xx 000 0 und d | ||
| 020 | |c 36000 | ||
| 082 | |a 344.597046 | ||
| 082 | |b D513 | ||
| 100 | |a Triệu, Trung Dũng | ||
| 245 | 0 | |a Mẫu báo cáo đánh giá tác động môi trường : | |
| 245 | 0 | |b Trình tự thẩm định và xử lý vi phạm về môi trường | |
| 245 | 0 | |c Triệu Trung Dũng | |
| 260 | |a Hà Nội | ||
| 260 | |b Khoa học Kỹ thuật | ||
| 260 | |c 2011 | ||
| 520 | |a Trình bày quy định pháp luật và phương pháp lập, thẩm định báo cáo đánh giá tác động môi trường. Phương pháp, trình tự lập báo cáo đánh giá tác động môi trường, cấu trúc và mẫu nội dung bản cam kết bảo vệ môi trường,... | ||
| 650 | |a Environmental law,Luật môi trường,Environmental policy,Chính sách môi trường | ||
| 650 | |z Vietnam,Việt Nam | ||
| 904 | |i Minh Tâm, Năm | ||
| 980 | |a Trung tâm Học liệu Trường Đại học Cần Thơ | ||